• 首页
  • 本馆介绍
  • 公告通知
  • 最新文献
  • 馆藏检索
  • 电子资源
  • 读者导购
  • 参考咨询
  • 我的图书馆
  • 登录
  • 详细信息显示
  • 放入我的书架
  • 预约/预借图书
  • 作者相关作品
  • 分类相关作品
  • 丛书相关作品
  • 出版社相关作品

书目信息

  • 表格格式
  • 工作单格式
  • 卡片格式
题名:
《法律》学习与指导
    
 
作者: 本社编写组编
分册:  
出版信息: 北京   北京师范大学出版社  2001.01
页数: 326页
开本: 20cm
丛书名:
单 册:
中图分类: D92-43
科图分类:
主题词: 法律--中国
电子资源:
ISBN: 7-303-04393-4
000 00522nam0 2200181 45
001 0356834697
005 2003092515471459
010    @a7-303-04393-4@dRMB 10.00
100    @a20030925d2001 km y0chiy0120 ea
101 0  @achi
102    @aCN@b110000
200 1  @a《法律》学习与指导@A《fa lu》xue xi yu zhi dao@f本社编写组编@Fben she bian xie zu bian
210    @a北京@c北京师范大学出版社@d2001.01
215    @a326页@d20cm
606 0  @a法律@x中国
690    @aD92-43@v3
801  0 @aCN@bPFT@c20030925
905    @aBZT@dD92-43@e1@f26
    
    《法律》学习与指导/本社编写组编.-北京:北京师范大学出版社,2001.01
    326页;20cm
    
    
    ISBN 7-303-04393-4:RMB 10.00
    
●
相关链接 在五车中查询图书 在当当中查询图书 在豆瓣中查询图书


正题名:《法律》学习与指导     索取号:D92-43/1         预约/预借

序号 登录号 条形码 馆藏地/架位号 状态 备注
1 0351460   200332764   教材工具书阅览室/工1架B面5层1列/ [索取号:D92-43/1] 在馆    
2 0351461   200332755   教材工具书阅览室/工1架B面5层1列/ [索取号:D92-43/1] 在馆    
3 0351462   200332746   教材工具书阅览室/工1架B面5层1列/ [索取号:D92-43/1] 在馆    
4 0351463   200332737   教材工具书阅览室/工1架B面5层1列/ [索取号:D92-43/1] 在馆    
5 0351464   200332728   教材工具书阅览室/工1架B面5层1列/ [索取号:D92-43/1] 在馆    
6 0351465   200332719   教材工具书阅览室/工1架B面5层1列/ [索取号:D92-43/1] 在馆    
7 0351466   200332700   教材工具书阅览室/工1架B面5层1列/ [索取号:D92-43/1] 在馆    
8 0351467   200332693   教材工具书阅览室/工1架B面5层1列/ [索取号:D92-43/1] 在馆    
9 0351468   200332684   教材工具书阅览室/工1架B面5层1列/ [索取号:D92-43/1] 在馆    
10 0351469   200332675   教材工具书阅览室/工1架B面5层1列/ [索取号:D92-43/1] 在馆    
11 0351470   200332666   教材工具书阅览室/工1架B面5层1列/ [索取号:D92-43/1] 在馆    
12 0351471   200332657   教材工具书阅览室/工1架B面5层1列/ [索取号:D92-43/1] 在馆    
13 0351472   200332648   教材工具书阅览室/工1架B面5层1列/ [索取号:D92-43/1] 在馆    
14 0351473   200332639   教材工具书阅览室/工1架B面5层1列/ [索取号:D92-43/1] 在馆    
15 0351474   200332620   教材工具书阅览室/工1架B面5层1列/ [索取号:D92-43/1] 在馆    
16 0351545   200332014   教材工具书阅览室/工1架B面5层1列/ [索取号:D92-43/1] 在馆    
17 0351546   200331989   教材工具书阅览室/工1架B面5层1列/ [索取号:D92-43/1] 在馆    
18 0351547   200331998   教材工具书阅览室/工1架B面5层1列/ [索取号:D92-43/1] 在馆    
19 0351548   200331961   教材工具书阅览室/工1架B面5层1列/ [索取号:D92-43/1] 在馆    
20 0351549   200331970   教材工具书阅览室/工1架B面5层1列/ [索取号:D92-43/1] 在馆    
21 0351550   200331943   教材工具书阅览室/工1架B面4层1列/ [索取号:D92-43/1] 在馆    
22 0351551   200331952   教材工具书阅览室/工1架B面4层1列/ [索取号:D92-43/1] 在馆    
23 0351552   200331925   教材工具书阅览室/工1架B面4层1列/ [索取号:D92-43/1] 在馆    
24 0351553   200331907   教材工具书阅览室/工1架B面4层1列/ [索取号:D92-43/1] 在馆    
25 0351554   200331916   教材工具书阅览室/工1架B面5层1列/ [索取号:D92-43/1] 在馆    
26 0351555   200331934   教材工具书阅览室/工1架B面4层1列/ [索取号:D92-43/1] 在馆    
山东省滨州职业学院图书馆 欢迎您!
大连网信软件有限公司© 版权所有